| 000 | 00761cab a2200229 4500 | ||
|---|---|---|---|
| 001 | WB3330-51 | ||
| 008 | 090401t1997 xxu||||| |||| 00| 0 eng d | ||
| 035 | _a(Sirsi) u79977 | ||
| 041 | _aeng | ||
| 245 | _aPrivate toll road ahead | ||
| 260 | _c1997 | ||
| 350 | _a0 | ||
| 490 |
_aTimes _v29 July 1997, 4(2) |
||
| 520 | _aThe outcome of the government`s review of the road building programme. Five schemes approved including a private toll toad which offer drivers an alternative to the M6. List and map. | ||
| 650 | _aMOTORWAYS | ||
| 650 | _aPRIVATE TOLL ROAD | ||
| 650 | _aREVIEW | ||
| 650 | _aPROPERTY-INFRASTRUCTURE-TRANSPORT INFRASTRUCTURE-ROAD INFRASTRUCTURE | ||
| 690 | _aTRANSPORT AND COMMUNICATIONS | ||
| 942 | _n0 | ||
| 948 | _c29/07/1997 | ||
| 999 |
_c50332 _d50332 |
||